Central Library OPAC University of Rajshahi

Yoga education / (Record no. 79938)

MARC details
000 -LEADER
fixed length control field 00602nam a2200217 a 4500
001 - CONTROL NUMBER
control field 79938
003 - CONTROL NUMBER IDENTIFIER
rucl marc code BD-RjUL
005 - DATE AND TIME OF LATEST TRANSACTION
control field 20220607160050.0
008 - FIXED-LENGTH DATA ELEMENTS--GENERAL INFORMATION
fixed length control field 220607s2016 |||||||| |||| 00| 0 eng d
020 ## - INTERNATIONAL STANDARD BOOK NUMBER
International Standard Book Number 9788175248045
035 ## - SYSTEM CONTROL NUMBER
System control number (BD-RjUL)79938
040 ## - CATALOGING SOURCE
Original cataloging agency BD-RjUL
Language of cataloging eng
Transcribing agency BD-RjUL
041 ## - LANGUAGE CODE
Language code of text/sound track or separate title eng
082 ## - DEWEY DECIMAL CLASSIFICATION NUMBER
Edition number 23
Classification number 613.704607
Author mark and year CHY 2016
100 ## - MAIN ENTRY--PERSONAL NAME
Personal name Chavan, Uday
9 (RLIN) 3502
245 10 - TITLE STATEMENT
Title Yoga education /
Statement of responsibility, etc. Uday Chavan
260 ## - PUBLICATION, DISTRIBUTION, ETC. (IMPRINT)
Place of publication, distribution, etc. New Delhi :
Name of publisher, distributor, etc. Khel Sahitya Kendra,
Date of publication, distribution, etc. 2016
300 ## - PHYSICAL DESCRIPTION
Pagination 248 pages :
Illustrations illustrations ;
Size 23 cm.
650 ## - SUBJECT ADDED ENTRY--TOPICAL TERM
Topical term or geographic name as entry element Yoga
General subdivision Study and teaching
9 (RLIN) 3503
942 ## - ADDED ENTRY ELEMENTS (KOHA)
Source of classification or shelving scheme Dewey Decimal Classification
Koha item type Books
Holdings
Lost status Source of classification or shelving scheme Damaged status Not for loan Collection code Permanent Location Current Location Shelving location Date acquired Source of acquisition Cost, normal purchase price Total Checkouts Full call number Date last seen Copy number Koha item type
  Dewey Decimal Classification   Not For Loan Non-fiction Central Library, University of Rajshahi Central Library, University of Rajshahi Reading Room 16/05/2022 Dhaka: Book Finder 914.86   613.704607 CHY 2016 07/06/2022 C-1 Books
  Dewey Decimal Classification     Non-fiction Central Library, University of Rajshahi Central Library, University of Rajshahi General Stacks 16/05/2022 Dhaka: Book Finder 914.86   613.704607 CHY 2016 07/06/2022 C-2 Books